01010nam a2200241 a 450000100100000000500170001000800410002704000250006804100390009308200150013210000250014724000740017224501440024626000400039030000220043049000330045250400740048553400940055950400340065370000220068770000260070983000330073500002356520200930022319.0101213s1952 sp r 000 0 spa d aDO-SdBNPbspacBNPHU17aspaheng2Código de idiomas MARC annnnbZ16h1 aZacharias, Ellis M.,10aBehind closed doors : the secret history of the cold war.lEspañol.10aHistoria secreta de la guerra fría / :bEllis M. Zacharias..., con la colaboración de Ladislas Farago ; traducción de Luis Palazón. aBarcelona :bJosé Janés,c1952. a323, p. ;c22 cm.1 aLos libros de Nuestro Tiempo aIncluye referencias bibliográficas y notas al pie de las páginas. pTítulo original en inglés:tBehind closed doors : the secret history of the cold war. aBibliografía: p. [299]-323.1 aFarago, Ladislas,1 aPalazón, Luis,etr. 4aLos libros de Nuestro Tiempo